000
00298nam a2200121Ia 4500
008
150731s2013 xx 000 0 und d
082
_a
611
_b
C 13 S
100
_a
SINGH,VISHRAM
245
_a
TB. OF CLINICAL EMBRYOLOGY
260
_b
ELSEVIER- INDIA DELHI
_c
2013
300
_a
340
942
_2
ddc
_c
BK
_0
1
999
_c
7971
_d
7971